000 00778 am a22002535a 4500
005 20151210150352.0
008 150818r20142011ii a fr 001 0 eng d
020 _a9380618077
020 _a9789380618074
040 _aEG-ScBUE
_beng
_cEG-ScBUE
082 0 4 _222
_a621
_bKUM
100 _aKumar, Surinder.
_938899
245 1 0 _aBasics of mechanical engineering /
_cSurinder Kumar.
250 _a1st ed., Ane's student ed., Reprint ed.
260 _aNew Delhi :
_bAne Books Pvt. Ltd.,
_c2014.
300 _axxiii, 542 p. :
_bill. ;
_c24 cm.
500 _aIndex : p. 537-542.
500 _aReprinted of the 2011 ed.
650 7 _2BUEsh
_aMechanical engineering.
_912770
651 _2BUEsh
653 _bENGMEC
_cAugust2015
653 _bENGGEN
_cAugust2015
942 _2ddc
999 _c20596
_d20568